[Event "NCL967 Barbican-Invicta Kts"]
[Site "Rd7"]
[Date "1997.02.22"]
[Round "7.6"]
[White "Dickenson, Neil"]
[Black "Twyble, Michael"]
[Result "1/2-1/2"]
[WhiteElo "2300"]
[BlackElo "2250"]
[PlyCount "202"]
[EventDate "1997.02.22"]
[Source "J.Saunders"]
[SourceDate "1998.06.06"]

1. d4 Nf6 2. c4 c5 3. d5 e5 4. Nc3 d6 5. e4 Nbd7 6. Nge2 Be7 7. Ng3 g6 8. Bd3
h5 9. Nf1 Kf8 10. g3 Kg7 11. Ne2 a6 12. a4 h4 13. Ne3 Nh5 14. Rg1 hxg3 15. hxg3
Ndf6 16. f3 Bd7 17. Bd2 Ne8 18. Bc3 Kg8 19. f4 Bf6 20. f5 Bg5 21. Ng2 Nef6 22.
Bd2 Bxd2+ 23. Qxd2 Ng4 24. Rh1 Kg7 25. Rh4 Nhf6 26. O-O-O Rxh4 27. Nxh4 Qh8 28.
fxg6 Qh6 29. gxf7 Qxd2+ 30. Rxd2 Kxf7 31. Nc3 Rg8 32. Nf5 Bxf5 33. exf5 Ne3 34.
Re2 Rxg3 35. Kd2 Neg4 36. a5 Rh3 37. Rg2 Rh2 38. Rxh2 Nxh2 39. Be2 Kg7 40. Ke3
Nhg4+ 41. Kd2 Nh6 42. Bd3 Nf7 43. Na4 Kh6 44. Ke3 Kg5 45. Nb6 Ng4+ 46. Kf3 Ngh6
47. Nd7 Nxf5 48. Nf8 Nd4+ 49. Ke3 Kf6 50. b4 cxb4 51. c5 Ke7 52. Ng6+ Kd7 53.
Nf8+ Ke7 54. Ng6+ Kd8 55. cxd6 Nxd6 56. Nxe5 Nb3 57. Bxa6 bxa6 58. Nc6+ Kc7 59.
Nxb4 Kb7 60. Nxa6 Kxa6 61. Kf4 Nxa5 62. Ke5 Nac4+ 63. Ke6 Kb6 64. Kf6 Kc5 65.
Ke6 Kd4 66. Kf6 Ke4 67. Ke6 Kf4 68. Kf6 Ne4+ 69. Ke6 Ncd6 70. Kd7 Ke5 71. Kc6
Nf6 72. Kc5 Nd7+ 73. Kc6 Nb8+ 74. Kc7 Na6+ 75. Kb6 Nb4 76. Kc5 Nc2 77. Kc6 Ne3
78. Kc5 Nec4 79. Kc6 Na5+ 80. Kb6 Nab7 81. Kc6 Kf6 82. Kd7 Kf7 83. Kc6 Ke7 84.
Kc7 Ke8 85. Kc6 Kd8 86. Kb6 Kc8 87. Kc6 Kd8 88. Kb6 Kd7 89. Ka6 Kc7 90. Ka7 Nc5
91. Ka8 Kb6 92. Kb8 Nb3 93. Ka8 Nd4 94. Kb8 N4b5 95. Ka8 Nc7+ 96. Kb8 Nce8 97.
Ka8 Nf6 98. Kb8 Nd7+ 99. Ka8 Ne5 100. Kb8 Nef7 101. Ka8 Nd8 1/2-1/2

[Event "NCL967 Barbican-Invicta Kts"]
[Site "Rd7"]
[Date "1997.02.22"]
[Round "7.7"]
[White "Sands, David"]
[Black "Mack, Andrew"]
[Result "0-1"]
[WhiteElo "2260"]
[BlackElo "2275"]
[PlyCount "78"]
[EventDate "1997.02.22"]
[Source "J.Saunders"]
[SourceDate "1998.06.06"]

1. d4 Nf6 2. c4 g6 3. Nc3 Bg7 4. e4 d6 5. Be2 O-O 6. Bg5 Na6 7. Qd2 e5 8. d5
Qe8 9. Bd3 Bd7 10. Nge2 Nh5 11. f3 f5 12. exf5 gxf5 13. O-O Nc5 14. Bc2 a5 15.
b3 Qg6 16. Be3 Rae8 17. Rae1 Kh8 18. Kh1 Bf6 19. Rg1 Ng7 20. Ref1 Qh5 21. f4 b6
22. Rf3 Qf7 23. Rff1 Qh5 24. Rf2 Bh4 25. g3 Bf6 26. Rgf1 Be7 27. Rb1 Ne4 28.
Nxe4 fxe4 29. Ng1 Nf5 30. Kg2 exf4 31. Rxf4 Bg5 32. Qc3+ Kg8 33. Bc1 Bxf4 34.
Bxf4 Nh4+ 35. Kh1 Nf3 36. Nxf3 Qxf3+ 37. Qxf3 exf3 38. Rf1 Bh3 39. Rxf3 Re1+
0-1

[Event "NCL967 Barbican-Invicta Kts"]
[Site "Rd7"]
[Date "1997.02.22"]
[Round "7.8"]
[White "Howell, Susan"]
[Black "Lang, Heather"]
[Result "1-0"]
[WhiteElo "1872"]
[BlackElo "2065"]
[PlyCount "81"]
[EventDate "1997.02.22"]
[Source "J.Saunders"]
[SourceDate "1998.06.06"]

1. d4 f5 2. g3 Nf6 3. Bg2 g6 4. b3 Bg7 5. Bb2 d6 6. Nf3 O-O 7. c4 Qe8 8. O-O e5
9. dxe5 Ng4 10. h3 Nxe5 11. Qc2 Nbc6 12. Nxe5 dxe5 13. e3 e4 14. Bxg7 Kxg7 15.
Qc3+ Kg8 16. f4 exf3 17. Bxf3 Qe5 18. Bxc6 Qxg3+ 19. Bg2 Bd7 20. e4 Qg5 21. Qd2
Qe7 22. Nc3 fxe4 23. Nxe4 Bxh3 24. Bxh3 Qxe4 25. Qd5+ Qxd5 26. cxd5 Kg7 27.
Rac1 Rxf1+ 28. Bxf1 c6 29. dxc6 bxc6 30. Rxc6 Rf8 31. Bc4 a5 32. Rc7+ Kh6 33.
Rc5 Ra8 34. a4 Ra7 35. Kg2 Kg7 36. Kg3 Kf6 37. Kg4 Kg7 38. Kg5 h6+ 39. Kg4 g5
40. Rc6 Rf7 41. Bxf7 1-0

[Event "NCL967 Na Fianna-BCM"]
[Site "Rd7"]
[Date "1997.02.22"]
[Round "7.2"]
[White "Mestel, Jonathan"]
[Black "O'Shaughnessy, Conor"]
[Result "1-0"]
[WhiteElo "2510"]
[BlackElo "2260"]
[PlyCount "55"]
[EventDate "1997.02.22"]
[Source "J.Saunders"]
[SourceDate "1998.06.06"]

1. c4 Nf6 2. Nc3 c5 3. g3 Nc6 4. Bg2 g6 5. a3 Bg7 6. Rb1 a5 7. e4 O-O 8. Nge2
Ne8 9. d3 d6 10. O-O Nc7 11. f4 f5 12. Be3 Ne6 13. exf5 gxf5 14. Nb5 Nc7 15. a4
Kh8 16. Re1 e5 17. fxe5 Nxe5 18. h3 Rb8 19. b3 Ng6 20. Nf4 Nxb5 21. axb5 Nxf4
22. Bxf4 Bc3 23. Re2 Qf6 24. Qc2 Bd7 25. Kh1 Rfe8 26. Rxe8+ Bxe8 27. Bxd6 Bh5
28. Bxb8 1-0

[Event "NCL967 Na Fianna-BCM"]
[Site "Rd7"]
[Date "1997.02.22"]
[Round "7.3"]
[White "Lyell, Mark"]
[Black "Chandler, Murray"]
[Result "0-1"]
[WhiteElo "2235"]
[BlackElo "2550"]
[PlyCount "80"]
[EventDate "1997.02.22"]
[Source "J.Saunders"]
[SourceDate "1998.06.06"]

1. e4 c5 2. c3 Nf6 3. e5 Nd5 4. d4 cxd4 5. Nf3 e6 6. cxd4 d6 7. a3 Bd7 8. Bd3
Bc6 9. O-O Nd7 10. b4 a6 11. Re1 Qc7 12. Bb2 N7b6 13. Nc3 Nxc3 14. Bxc3 Nd5 15.
Rc1 Be7 16. Bd2 O-O 17. a4 Qd7 18. exd6 Bxd6 19. Ne5 Bxe5 20. dxe5 Bxa4 21. Qg4
Rfc8 22. Qh4 g6 23. Bg5 Rxc1 24. Rxc1 Rc8 25. Rxc8+ Qxc8 26. h3 Qc3 27. Bh6 f6
28. Qg4 Kf7 29. Bc4 Qe1+ 30. Kh2 Qxe5+ 31. f4 Qe4 32. Bxd5 Qxd5 33. Qe2 Bc6 34.
Qf2 b6 35. Qe2 a5 36. bxa5 bxa5 37. g4 a4 38. Kg3 a3 39. f5 Kg8 40. Qf2 Qe5+
0-1

[Event "NCL967 Na Fianna-BCM"]
[Site "Rd7"]
[Date "1997.02.22"]
[Round "7.4"]
[White "Giddins, Steve"]
[Black "McMichael, Rick"]
[Result "1/2-1/2"]
[WhiteElo "2345"]
[BlackElo "2200"]
[PlyCount "91"]
[EventDate "1997.02.22"]
[Source "J.Saunders"]
[SourceDate "1998.06.06"]

1. d4 e6 2. c4 f5 3. g3 Nf6 4. Bg2 Be7 5. Nf3 O-O 6. O-O d5 7. b3 c6 8. Ba3
Bxa3 9. Nxa3 Bd7 10. Nc2 Be8 11. e3 Nbd7 12. Nce1 Bh5 13. Qc2 Ne4 14. Nd3 Bxf3
15. Bxf3 Rf6 16. Bg2 Rh6 17. f3 Nd6 18. c5 Nf7 19. f4 Nf6 20. Qe2 Rg6 21. Bf3
Ne4 22. Bxe4 fxe4 23. Ne5 Nxe5 24. dxe5 Qf8 25. b4 Qf5 26. Rf2 h5 27. Rg2 Rh6
28. Rb1 a6 29. a4 Kh8 30. g4 hxg4 31. Qxg4 Qf7 32. Kh1 Rg8 33. Rgb2 Qe7 34. Rg1
Rf8 35. Rbg2 Rh7 36. Qg5 Qd7 37. Qg6 Rf5 38. Rg5 Rh6 39. Qxg7+ Qxg7 40. Rxg7
Rxh2+ 41. Kxh2 Rh5+ 42. Kg3 Kxg7 43. Kf2+ Kf7 44. a5 Rh8 45. Kg3 Rd8 46. Rd1
1/2-1/2

[Event "NCL967 Na Fianna-BCM"]
[Site "Rd7"]
[Date "1997.02.22"]
[Round "7.5"]
[White "Thomas, Rik"]
[Black "Bellin, Robert"]
[Result "1/2-1/2"]
[WhiteElo "2168"]
[BlackElo "2375"]
[PlyCount "143"]
[EventDate "1997.02.22"]
[Source "J.Saunders"]
[SourceDate "1998.06.06"]

1. d4 Nf6 2. c4 e6 3. g3 Bb4+ 4. Nc3 c5 5. Nf3 b6 6. Bg2 Bb7 7. O-O cxd4 8.
Qxd4 Nc6 9. Qd3 O-O 10. a3 Be7 11. Rd1 Na5 12. Bf4 Rc8 13. Nd2 Bxg2 14. Kxg2
Nh5 15. Bd6 Bxd6 16. Qxd6 Nf6 17. b3 Rc6 18. Qd3 Qa8 19. f3 Rd8 20. e4 d6 21.
b4 Nb7 22. Nf1 Nd7 23. f4 a6 24. Ne3 h6 25. Ra2 Rdc8 26. Rc2 Nf6 27. Rdc1 Qb8
28. Ne2 R6c7 29. h3 Rd7 30. Nc3 Nd8 31. Rd1 Nc6 32. Ne2 Qb7 33. Kh2 Ne7 34. Nc3
Ng6 35. Rf1 Rdd8 36. Re1 Kh8 37. Rec1 Rd7 38. Re1 Rcd8 39. Rd1 Qc7 40. Rf1 Qb7
41. Rd1 Rc8 42. Rdc1 Re8 43. Re2 h5 44. Rf2 Rc8 45. Rcf1 Qc6 46. Rc2 Kg8 47. h4
Qa8 48. Rfc1 Qa7 49. Kg2 Qb7 50. Kh2 Kh8 51. Kg1 Ne7 52. Kh2 Neg8 53. Kg1 Nh6
54. Rd1 Rdc7 55. Rdc1 Nhg4 56. Nxg4 Nxg4 57. Nd1 b5 58. cxb5 Rxc2 59. Rxc2 Rxc2
60. Qxc2 axb5 61. Qd3 Qc6 62. Kf1 d5 63. exd5 exd5 64. Ke2 d4 65. Kd2 Qg2+ 66.
Kc1 Qd5 67. Kb2 g6 68. a4 bxa4 69. Ka3 Nf6 70. Kxa4 Ne4 71. Ka3 Nd6 72. Kb2
1/2-1/2

[Event "NCL967 Na Fianna-BCM"]
[Site "Rd7"]
[Date "1997.02.22"]
[Round "7.6"]
[White "Friedgood, David"]
[Black "Suzuki, Layla"]
[Result "1-0"]
[WhiteElo "2270"]
[BlackElo "1160"]
[PlyCount "33"]
[EventDate "1997.02.22"]
[Source "J.Saunders"]
[SourceDate "1998.06.06"]

1. c4 Nf6 2. Nc3 e6 3. e4 d5 4. e5 Nfd7 5. cxd5 Nxe5 6. d4 Ng6 7. Bb5+ Bd7 8.
dxe6 fxe6 9. Bd3 Bc6 10. Qg4 Nh4 11. Bg5 Nxg2+ 12. Kf1 Be7 13. Bxe7 Qxe7 14. d5
h5 15. Qg6+ Kd8 16. dxc6 Nf4 17. cxb7 1-0

[Event "NCL967 Na Fianna-BCM"]
[Site "Rd7"]
[Date "1997.02.22"]
[Round "7.8"]
[White "Bellin, Jana"]
[Black "O'Siochru, Mairead"]
[Result "1-0"]
[WhiteElo "2215"]
[BlackElo "1880"]
[PlyCount "78"]
[EventDate "1997.02.22"]
[Source "J.Saunders"]
[SourceDate "1998.06.06"]

1. d4 d5 2. Nf3 Nf6 3. c4 c6 4. cxd5 cxd5 5. Nc3 e6 6. Bf4 Be7 7. e3 a6 8. Bd3
Nc6 9. h3 b5 10. O-O O-O 11. Rc1 Bb7 12. Ne5 Rc8 13. Bb1 Re8 14. Qd3 Nb4 15.
Qe2 Bf8 16. Qf3 Qe7 17. Bg5 h6 18. Bh4 g5 19. Bg3 Bg7 20. h4 Ne4 21. Nxe4 dxe4
22. Qh5 Bd5 23. hxg5 hxg5 24. f3 Rxc1 25. Rxc1 Bxa2 26. Bxe4 Nd5 27. Qh7+ Kf8
28. Bxd5 Bxd5 29. Rc7 Qxc7 30. Ng6+ fxg6 31. Bxc7 Kf7 32. Be5 Rg8 33. Kf2 a5
34. e4 Bc4 35. Kg3 a4 36. Kg4 b4 37. Kxg5 a3 38. bxa3 bxa3 39. Qxg6+ Kf8 1-0

[Event "NCL967 Croydon-Witney"]
[Site "Rd7"]
[Date "1997.02.22"]
[Round "7.1"]
[White "Wilson, Jon"]
[Black "Ansell, Simon"]
[Result "0-1"]
[WhiteElo "2285"]
[BlackElo "2420"]
[PlyCount "76"]
[EventDate "1997.02.22"]
[Source "J.Saunders"]
[SourceDate "1998.06.06"]

1. d4 Nf6 2. c4 c5 3. d5 b5 4. Nf3 g6 5. cxb5 a6 6. Nc3 Bg7 7. e4 d6 8. a4 O-O
9. Ra3 Bb7 10. Bc4 axb5 11. Bxb5 Na6 12. O-O Nc7 13. Bc4 Ba6 14. b3 Nd7 15. Qc2
Qb8 16. Bb2 Qb7 17. Nd1 Rfb8 18. Bxg7 Kxg7 19. Ne3 Qb4 20. Rfa1 Rb7 21. Ne1 Ne5
22. Nd3 Nxd3 23. Qxd3 Rba7 24. Bxa6 Rxa6 25. Nc2 Qb7 26. Qc3+ Kg8 27. b4 cxb4
28. Qxb4 Rb6 29. Qe1 e6 30. dxe6 Nxe6 31. a5 Rb2 32. a6 Qa7 33. Ne3 Nd4 34. Ra4
Rc8 35. Nc4 Rc2 36. Nxd6 R8c6 37. Rxd4 Qxd4 38. a7 Qxa1 0-1

[Event "NCL967 Croydon-Witney"]
[Site "Rd7"]
[Date "1997.02.22"]
[Round "7.2"]
[White "Cobb, James"]
[Black "Harley, Andrew"]
[Result "0-1"]
[WhiteElo "2260"]
[BlackElo "2265"]
[PlyCount "94"]
[EventDate "1997.02.22"]
[Source "J.Saunders"]
[SourceDate "1998.06.06"]

1. d4 e6 2. Nf3 Nf6 3. c4 b6 4. a3 Bb7 5. Nc3 d5 6. cxd5 Nxd5 7. Qc2 Nxc3 8.
bxc3 c5 9. e4 Nd7 10. Bd3 Qc7 11. Bg5 h6 12. Be3 cxd4 13. cxd4 Qxc2 14. Bxc2
Rc8 15. Bd3 Be7 16. Ke2 O-O 17. a4 Bb4 18. Bd2 Bxd2 19. Kxd2 Nf6 20. Rhe1 Rfd8
21. a5 b5 22. a6 Bc6 23. Rac1 Nd7 24. Rb1 Rb8 25. Rb4 Rb6 26. Reb1 Nb8 27. Ne5
Nxa6 28. Nxc6 Rxc6 29. Rxb5 Rxd4 30. Ke3 Rd8 31. Ra1 Rc3 32. Rxa6 Rcxd3+ 33.
Kf4 Rd2 34. Kg3 R8d7 35. Rba5 Re2 36. f3 Rdd2 37. Rxa7 Rxg2+ 38. Kf4 Rxh2 39.
Rc7 Rd8 40. Raa7 Rf8 41. Kg3 Rb2 42. f4 Rb3+ 43. Kg4 Rb4 44. Kf3 g6 45. Ke3 Kg7
46. Kf3 Rb3+ 47. Kg2 Re3 0-1

[Event "NCL967 Croydon-Witney"]
[Site "Rd7"]
[Date "1997.02.22"]
[Round "7.3"]
[White "Moore, Gerald"]
[Black "Taulbut, Shaun"]
[Result "1-0"]
[WhiteElo "2215"]
[BlackElo "2400"]
[PlyCount "77"]
[EventDate "1997.02.22"]
[Source "J.Saunders"]
[SourceDate "1998.06.06"]

1. Nf3 Nf6 2. g3 g6 3. Bg2 Bg7 4. O-O O-O 5. c4 d6 6. d4 Nc6 7. Nc3 e5 8. d5
Ne7 9. e4 Nd7 10. Bd2 a5 11. a3 Nc5 12. b4 axb4 13. axb4 Rxa1 14. Qxa1 Nb3 15.
Qa7 Nxd2 16. Nxd2 f5 17. c5 f4 18. Rd1 Bh6 19. Nc4 fxg3 20. hxg3 Bg4 21. Rd3
Bc8 22. cxd6 cxd6 23. Qb6 Qxb6 24. Nxb6 Rd8 25. Nb5 Bg4 26. Bf3 Bxf3 27. Rxf3
Bd2 28. Rb3 Nc8 29. Nc4 Bg5 30. Ra3 Be7 31. Ra8 Kg7 32. Rb8 b6 33. Nc7 Kf7 34.
Ne6 Re8 35. Kf1 h5 36. Rb7 Kf6 37. b5 g5 38. Kg2 Rh8 39. Rb8 1-0

[Event "NCL967 Croydon-Witney"]
[Site "Rd7"]
[Date "1997.02.22"]
[Round "7.4"]
[White "Cobb, Charles"]
[Black "Rosen, Daniel"]
[Result "0-1"]
[WhiteElo "2260"]
[BlackElo "2210"]
[PlyCount "122"]
[EventDate "1997.02.22"]
[Source "J.Saunders"]
[SourceDate "1998.06.06"]

1. e4 g6 2. d4 Bg7 3. Nc3 d6 4. Be3 c6 5. Qd2 b5 6. Bd3 Nd7 7. f4 Ngf6 8. Nf3
a6 9. e5 Nd5 10. Nxd5 cxd5 11. h4 Nb6 12. h5 Bf5 13. Bxf5 gxf5 14. h6 Bf8 15.
e6 fxe6 16. Ng5 Qd7 17. Qe2 O-O-O 18. Nf7 Rg8 19. Nxd8 Kxd8 20. Bd2 Rg6 21. Ba5
Qc6 22. O-O-O Bxh6 23. Rh4 Kd7 24. Bxb6 Qxb6 25. c3 Qc6 26. Kb1 Qc4 27. Qf3 b4
28. Rdh1 Bg7 29. Rxh7 Bf6 30. R1h6 Rxh6 31. Rxh6 bxc3 32. bxc3 a5 33. Rh1 a4
34. Rc1 a3 35. Qf1 Kc6 36. Re1 Kd7 37. Qxc4 dxc4 38. g3 Bg7 39. Kc2 e5 40. dxe5
dxe5 41. fxe5 Ke6 42. Rg1 Bxe5 43. g4 f4 44. g5 Kf5 45. g6 Bg7 46. Rb1 e5 47.
Kd2 Kxg6 48. Rb4 Bh6 49. Ke2 Kf5 50. Rxc4 e4 51. Kf2 f3 52. Rc6 Bg5 53. Ra6 Kf4
54. Ra4 Be7 55. Kf1 Ke3 56. Rd4 Bf6 57. Ra4 Bxc3 58. Rxa3 Kd2 59. Ra6 Bd4 60.
Rd6 Kd3 61. Ke1 e3 0-1

[Event "NCL967 Croydon-Witney"]
[Site "Rd7"]
[Date "1997.02.22"]
[Round "7.5"]
[White "McGrath, James"]
[Black "Headlong, Tim"]
[Result "1/2-1/2"]
[WhiteElo "2088"]
[BlackElo "2250"]
[PlyCount "47"]
[EventDate "1997.02.22"]
[Source "J.Saunders"]
[SourceDate "1998.06.06"]

1. c4 e6 2. g3 d5 3. Bg2 c5 4. Nf3 Nc6 5. O-O Nf6 6. cxd5 exd5 7. d4 Be7 8. Nc3
O-O 9. h3 Re8 10. Be3 c4 11. Ne5 Qa5 12. Bg5 Be6 13. Qd2 Bb4 14. Nxc6 bxc6 15.
Bxf6 gxf6 16. e4 dxe4 17. Bxe4 Bd5 18. Bxd5 cxd5 19. Qf4 Bxc3 20. bxc3 Qxc3 21.
Qxf6 Qa5 22. Qg5+ Kf8 23. Qh6+ Kg8 24. Qg5+ 1/2-1/2

[Event "NCL967 Croydon-Witney"]
[Site "Rd7"]
[Date "1997.02.22"]
[Round "7.6"]
[White "Haydon, Richard"]
[Black "De Coverly, Roger"]
[Result "0-1"]
[WhiteElo "2220"]
[BlackElo "2085"]
[PlyCount "50"]
[EventDate "1997.02.22"]
[Source "J.Saunders"]
[SourceDate "1998.06.06"]

1. Nf3 Nf6 2. c4 g6 3. Nc3 Bg7 4. e4 d6 5. d4 O-O 6. Be2 e5 7. d5 Nbd7 8. Bg5
h6 9. Bh4 g5 10. Bg3 Nh5 11. h4 Nxg3 12. fxg3 g4 13. Nh2 h5 14. O-O f5 15. exf5
Nc5 16. b4 e4 17. Rc1 Nd3 18. Bxd3 exd3 19. Qxd3 Qf6 20. Nb5 Bxf5 21. Qb3 Rae8
22. Rce1 Rxe1 23. Rxe1 Bd3 24. Rc1 Qf2+ 25. Kh1 Be4 0-1

[Event "NCL967 Croydon-Witney"]
[Site "Rd7"]
[Date "1997.02.22"]
[Round "7.7"]
[White "Coathup, Roger"]
[Black "Truran, Michael"]
[Result "1/2-1/2"]
[WhiteElo "2110"]
[BlackElo "2255"]
[PlyCount "80"]
[EventDate "1997.02.22"]
[Source "J.Saunders"]
[SourceDate "1998.06.06"]

1. d4 d5 2. c4 dxc4 3. Nf3 Nf6 4. e3 e6 5. Bxc4 a6 6. O-O c5 7. Qe2 Qc7 8. Rd1
Nc6 9. Nc3 Be7 10. h3 O-O 11. dxc5 Bxc5 12. e4 b5 13. Bb3 b4 14. Na4 Ba7 15.
Bg5 Bb7 16. Rac1 Rac8 17. Bxf6 gxf6 18. e5 Qe7 19. exf6 Qxf6 20. Rc4 Kh8 21.
Rd7 Na5 22. Rxb4 Rc1+ 23. Bd1 Bd5 24. Nc3 Bxf3 25. Qxf3 Qxf3 26. gxf3 Bc5 27.
Ra4 Nc6 28. Rc7 Bd4 29. Rxc6 Rg8+ 30. Kf1 Bxc3 31. Rxc3 Rxd1+ 32. Ke2 Rgd8 33.
Rc2 Rh1 34. h4 Kg7 35. Rxa6 Rxh4 36. Ra7 Rf4 37. a4 h5 38. a5 h4 39. a6 h3 40.
Rc1 Rb4 1/2-1/2

[Event "NCL967 Croydon-Witney"]
[Site "Rd7"]
[Date "1997.02.22"]
[Round "7.8"]
[White "Houska, Ivana"]
[Black "Turvey, Syringa"]
[Result "0-1"]
[WhiteElo "1408"]
[BlackElo "1624"]
[PlyCount "114"]
[EventDate "1997.02.22"]
[Source "J.Saunders"]
[SourceDate "1998.06.06"]

1. e4 c5 2. Nf3 d6 3. d4 cxd4 4. Nxd4 Nf6 5. Nc3 a6 6. Bd3 e6 7. O-O Nc6 8. Nf3
Qc7 9. Bg5 Be7 10. Qd2 b5 11. a3 Bb7 12. Rfe1 Rd8 13. Rad1 h6 14. Bh4 g5 15.
Bg3 g4 16. Nh4 Ne5 17. Bxe5 dxe5 18. g3 h5 19. Qe2 Nh7 20. Ng2 Ng5 21. Rf1 Nf3+
22. Kh1 h4 23. Ne1 hxg3 24. Nxf3 gxf3 25. Qxf3 gxh2 26. Ne2 f5 27. Ng3 f4 28.
Nh5 Bg5 29. Qg4 Qf7 30. Qxg5 Qxh5 31. Bxb5+ Kf7 32. Qxh5+ Rxh5 33. Bd3 f3 34.
Rde1 Rg8 35. Re3 Rh3 36. c3 Ke7 37. Bc2 Bc6 38. c4 Rd8 39. b3 Rd2 40. Bd1 a5
41. a4 Kd6 42. Ree1 Kc5 43. Re3 Kd4 44. b4 axb4 45. a5 Bxe4 46. Ba4 Bd3 47. Ra1
Bxc4 48. Bc6 Rxf2 49. Ree1 Ba6 50. Rad1+ Kc5 51. Bd7 Re2 52. Rc1+ Kd4 53. Red1+
Ke3 54. Bxe6 Rh6 55. Bg4 Ra2 56. Re1+ Kf4 57. Bd7 f2 0-1

[Event "NCL967 Hertford-Midland Mons"]
[Site "Rd7"]
[Date "1997.02.22"]
[Round "7.1"]
[White "Duncan, Chris"]
[Black "Arkell, Keith"]
[Result "1-0"]
[WhiteElo "2340"]
[BlackElo "2545"]
[PlyCount "127"]
[EventDate "1997.02.22"]
[Source "J.Saunders"]
[SourceDate "1998.06.06"]

1. c4 c5 2. Nf3 Nf6 3. Nc3 Nc6 4. d4 cxd4 5. Nxd4 e6 6. g3 Bc5 7. Nb3 Be7 8.
Bg2 d6 9. Bf4 O-O 10. O-O Nh5 11. Be3 Ne5 12. Qd4 Qc7 13. Rac1 a6 14. Na4 Bd7
15. Nb6 Rad8 16. Rfd1 Bc6 17. Nd5 Qd7 18. Nxe7+ Qxe7 19. c5 f5 20. cxd6 Qf6 21.
Bxc6 bxc6 22. Rc5 Nd7 23. Qxf6 Nhxf6 24. Rxc6 Nb8 25. Rb6 Nd5 26. Rb7 Rf7 27.
Rxf7 Kxf7 28. Bc5 Nd7 29. Ba3 Rc8 30. Rc1 Rxc1+ 31. Nxc1 Ne5 32. Nb3 Nb6 33.
Nc5 a5 34. b3 Nc6 35. f3 e5 36. Kf2 Ke8 37. e4 fxe4 38. Nxe4 Kd7 39. f4 exf4
40. gxf4 Nd5 41. Kf3 Nd4+ 42. Kg4 Ne3+ 43. Kg3 Nef5+ 44. Kf2 Ne6 45. Nc5+ Kxd6
46. Nxe6+ Kxe6 47. Bc5 Kd5 48. Bb6 a4 49. bxa4 Kc6 50. a5 Kb5 51. Kf3 g6 52.
Ke4 Nh4 53. Bd8 Nf5 54. Kf3 Nd4+ 55. Ke4 Ne2 56. Ke5 Ka6 57. Bc7 Nc3 58. Ke6
Kb7 59. Be5 Ne2 60. Kf6 Ng1 61. Kg7 Nf3 62. h3 Ng1 63. h4 Nf3 64. Bf6 1-0

[Event "NCL967 Hertford-Midland Mons"]
[Site "Rd7"]
[Date "1997.02.22"]
[Round "7.2"]
[White "Turner, Matthew"]
[Black "Swanson, Stephen"]
[Result "1-0"]
[WhiteElo "2425"]
[BlackElo "2265"]
[PlyCount "103"]
[EventDate "1997.02.22"]
[Source "J.Saunders"]
[SourceDate "1998.06.06"]

1. c4 d6 2. Nc3 e5 3. g3 Nf6 4. Bg2 Be7 5. Nf3 O-O 6. d4 Nbd7 7. O-O Re8 8. Qc2
Bf8 9. Rd1 h6 10. b3 c6 11. d5 cxd5 12. cxd5 Nb6 13. e4 Bd7 14. Bd2 Rc8 15.
Rac1 Rc7 16. h3 Qb8 17. Qd3 Rec8 18. Be3 Na8 19. a4 a6 20. a5 Be7 21. Kh2 Be8
22. Bf1 Nd7 23. Nd2 Nc5 24. Qb1 b5 25. b4 Ne6 26. Ne2 Nf8 27. f4 exf4 28. gxf4
Bf6 29. Rxc7 Rxc7 30. Rc1 Bd7 31. Nf3 Ng6 32. Kg3 Qe8 33. Rxc7 Nxc7 34. Bb6 Qc8
35. Qc2 Ne8 36. Qxc8 Bxc8 37. Ned4 h5 38. Nxb5 h4+ 39. Kh2 Nxf4 40. Na7 Bb7 41.
b5 axb5 42. Bxb5 Kf8 43. a6 Bxa6 44. Bxa6 Be7 45. Be3 Ng6 46. Nc6 Bf6 47. Bd3
Bc3 48. Bc1 Bf6 49. Ba3 Kg8 50. Bb5 Kh7 51. Ncd4 Nc7 52. Bxd6 1-0

[Event "NCL967 Hertford-Midland Mons"]
[Site "Rd7"]
[Date "1997.02.22"]
[Round "7.3"]
[White "Ferguson, Mark"]
[Black "Hanreck, Alan"]
[Result "1-0"]
[WhiteElo "2385"]
[BlackElo "2275"]
[PlyCount "63"]
[EventDate "1997.02.22"]
[Source "J.Saunders"]
[SourceDate "1998.06.06"]

1. e4 c5 2. Nf3 d6 3. d3 g6 4. g3 Bg7 5. Bg2 Nc6 6. O-O e5 7. c3 Nge7 8. a3 a5
9. a4 O-O 10. Na3 h6 11. Nd2 Be6 12. Ndc4 d5 13. exd5 Nxd5 14. Nb5 Rb8 15. Re1
Qd7 16. Qe2 b6 17. Bd2 Kh7 18. Rad1 Bg4 19. Bf3 Be6 20. h4 h5 21. Kh2 f5 22.
Qf1 Nf6 23. Bxc6 Ng4+ 24. Kg1 Qxc6 25. f3 Bd5 26. fxg4 fxg4 27. Qe2 Bf3 28.
Nxe5 Bxe5 29. Qxe5 Bxd1 30. Nd6 Rbd8 31. Qe7+ Kg8 32. Bh6 1-0

[Event "NCL967 Hertford-Midland Mons"]
[Site "Rd7"]
[Date "1997.02.22"]
[Round "7.4"]
[White "Coleman, David"]
[Black "Parker, Jonathan"]
[Result "0-1"]
[WhiteElo "2280"]
[BlackElo "2470"]
[PlyCount "74"]
[EventDate "1997.02.22"]
[Source "J.Saunders"]
[SourceDate "1998.06.06"]

1. e4 e5 2. Nf3 Nc6 3. Bc4 Bc5 4. b4 Bxb4 5. c3 Be7 6. d4 d6 7. dxe5 Bg4 8. Bb5
dxe5 9. Bxc6+ bxc6 10. Qa4 Bd6 11. Qxc6+ Bd7 12. Qc4 Nf6 13. O-O O-O 14. Bg5
Qe8 15. a4 Be6 16. Qd3 Nd7 17. Nbd2 Nc5 18. Qc2 Bd7 19. a5 Ba4 20. Qa2 Bc6 21.
Qc2 Ba4 22. Qa2 Bc6 23. Qc2 f5 24. exf5 Qh5 25. Be3 e4 26. Bxc5 exf3 27. Bxd6
fxg2 28. Rfe1 cxd6 29. Qd3 Qxf5 30. Qxf5 Rxf5 31. Nb3 Bd5 32. Nd4 Rf6 33. a6
Raf8 34. Re2 Bc4 35. Rb2 d5 36. Rb7 Rxf2 37. Ra4 Rd2 0-1

[Event "NCL967 Hertford-Midland Mons"]
[Site "Rd7"]
[Date "1997.02.22"]
[Round "7.5"]
[White "Byway, Paul"]
[Black "Collinson, Adam"]
[Result "0-1"]
[WhiteElo "2230"]
[BlackElo "2380"]
[PlyCount "84"]
[EventDate "1997.02.22"]
[Source "J.Saunders"]
[SourceDate "1998.06.06"]

1. d4 d6 2. Bf4 Nf6 3. Nf3 g6 4. e3 Bg7 5. h3 O-O 6. Be2 c5 7. Nbd2 b6 8. O-O
Bb7 9. c3 Nbd7 10. a4 Ne4 11. Nxe4 Bxe4 12. Nd2 Bc6 13. Bb5 Qc7 14. Bxc6 Qxc6
15. Qf3 Qxf3 16. Nxf3 Rfc8 17. Rfe1 d5 18. b4 cxb4 19. cxb4 Rc4 20. b5 a5 21.
Ra2 Rac8 22. Kf1 Bf8 23. Ree2 f6 24. Reb2 Kf7 25. Ke2 e6 26. Nd2 Rb4 27. f3 e5
28. dxe5 fxe5 29. Bg3 Rc1 30. Rb3 Rxb3 31. Nxb3 Rc3 32. Nd2 Bb4 33. e4 d4 34.
Bf2 Ke6 35. f4 d3+ 36. Kd1 exf4 37. Bd4 Rc8 38. Nf3 Nc5 39. Ng5+ Kd6 40. Bxc5+
Rxc5 41. Nxh7 Ke7 42. Rf2 d2 0-1

[Event "NCL967 Hertford-Midland Mons"]
[Site "Rd7"]
[Date "1997.02.22"]
[Round "7.6"]
[White "Tozer, Richard"]
[Black "Dearing, Eddie"]
[Result "0-1"]
[WhiteElo "2380"]
[BlackElo "2185"]
[PlyCount "72"]
[EventDate "1997.02.22"]
[Source "J.Saunders"]
[SourceDate "1998.06.06"]

1. d4 d5 2. c4 e6 3. Nc3 c6 4. Nf3 dxc4 5. a4 Bb4 6. Bd2 a5 7. e4 b5 8. axb5
Bxc3 9. Bxc3 cxb5 10. b3 Bb7 11. d5 Nf6 12. bxc4 b4 13. Bxf6 Qxf6 14. Bd3 Nd7
15. O-O O-O 16. Kh1 e5 17. Nd2 Nc5 18. Bc2 Rfb8 19. Ba4 Bc8 20. Qc2 Qe7 21. Nb3
Nxb3 22. Qxb3 Qc5 23. f4 exf4 24. Rxf4 f6 25. Bb5 Ba6 26. Bxa6 Rxa6 27. Rf5 Qd4
28. Re1 a4 29. Qg3 Re8 30. Qc7 a3 31. e5 a2 32. Rff1 Qa7 33. Qxa7 Rxa7 34. e6
Rea8 35. d6 a1=Q 36. e7 Qa4 0-1

[Event "NCL967 Hertford-Midland Mons"]
[Site "Rd7"]
[Date "1997.02.22"]
[Round "7.7"]
[White "Cheal, Barry"]
[Black "Mason, Don"]
[Result "1/2-1/2"]
[WhiteElo "2064"]
[BlackElo "2275"]
[PlyCount "94"]
[EventDate "1997.02.22"]
[Source "J.Saunders"]
[SourceDate "1998.06.06"]

1. d4 Nf6 2. Nf3 g6 3. c4 Bg7 4. Nc3 O-O 5. g3 d6 6. Bg2 Nbd7 7. O-O e5 8. e3
c6 9. Qc2 Re8 10. a3 Nf8 11. dxe5 dxe5 12. b3 Bf5 13. e4 Bg4 14. Bb2 Ne6 15.
Rfd1 Nd4 16. Qd3 Bxf3 17. Bxf3 Nxb3 18. Qe3 Qb6 19. Rab1 Qxe3 20. fxe3 Nc5 21.
Rd2 Rad8 22. Rbd1 Rd7 23. Rxd7 Nfxd7 24. Kf2 Nb6 25. Be2 Bf6 26. Kf3 Rd8 27.
Rxd8+ Bxd8 28. Nb1 f6 29. Bc3 Be7 30. Bb4 Kf7 31. g4 Na6 32. Bc3 Na4 33. Be1 b6
34. Bd1 N4c5 35. Bc2 Nc7 36. h4 N7e6 37. Bc3 Bd6 38. Nd2 a5 39. Kg3 Ke7 40. Kf3
Nb7 41. Nb1 b5 42. cxb5 cxb5 43. Bb3 b4 44. axb4 axb4 45. Bb2 Na5 46. Bd5 Nc7
47. Nd2 h5 1/2-1/2